[Event "Madrid San Viator op 23rd"]
[Site "Madrid"]
[Date "2014.10.19"]
[Round "4"]
[White "Borras Cerda, Carlos"]
[Black "Ore Leon, Gustavo"]
[Result "0-1"]
[WhiteElo "1384"]
[BlackElo "1785"]
[PlyCount "92"]
[EventDate "2014.09.28"]
[EventType "swiss"]
[EventRounds "9"]
[EventCountry "ESP"]
[SourceTitle "EXT 2016"]
[Source "ChessBase"]
[SourceDate "2015.10.08"]
[SourceVersion "1"]
[SourceVersionDate "2015.10.08"]
[SourceQuality "1"]

1. d4 Nf6 2. Nf3 g6 3. Bg5 Bg7 4. Nbd2 d5 5. e3 0-0 6. Bd3 Re8 7. Ne5 a6 8. c3 Be6 9. a4 Nbd7 10. f4 Nxe5 11. fxe5 Nd7 12. 0-0 c5 13. h3 Qb6 14. Qc1 Rac8 15. h4 cxd4 16. exd4 Bxe5 17. Nf3 Bg7 18. Bh6 Nf6 19. Bxg7 Kxg7 20. Ne5 Red8 21. Qc2 Ng4 22. Nxg4 Bxg4 23. Ra3 Rd6 24. Rb3 Qc7 25. Be2 Qd7 26. Qd1 Be6 27. Rb4 h5 28. Qd2 Rcc6 29. Qg5 Rb6 30. Rxb6 Rxb6 31. b4 f6 32. Qe3 Bf7 33. Qg3 Qd6 34. Kh2 Qxg3+ 35. Kxg3 Rc6 36. Rf3 Be6 37. Re3 Kf7 38. Kf4 Rc7 39. g3 Bd7 40. a5 Bc6 41. Bf3 e6 42. Be2 Bd7 43. Bf3 e5+ 44. dxe5 Rc4+ 45. Be4 f5 46. Kf3 fxe4+ 0-1

[Event "Madrid San Viator op 23rd"]
[Site "Madrid"]
[Date "2014.10.12"]
[Round "3"]
[White "Ore Leon, Gustavo"]
[Black "Martin Rodriguez, Jose Luis"]
[Result "1-0"]
[WhiteElo "1785"]
[BlackElo "1430"]
[PlyCount "89"]
[EventDate "2014.09.28"]
[EventType "swiss"]
[EventRounds "9"]
[EventCountry "ESP"]
[SourceTitle "EXT 2016"]
[Source "ChessBase"]
[SourceDate "2015.10.08"]
[SourceVersion "1"]
[SourceVersionDate "2015.10.08"]
[SourceQuality "1"]

1. Nf3 Nf6 2. d3 d5 3. g3 e6 4. Bg2 Nc6 5. 0-0 Be7 6. Nbd2 Bd7 7. Re1 0-0 8. e4 dxe4 9. Nxe4 h6 10. h4 e5 11. c3 Bg4 12. Qe2 Qd7 13. Nxf6+ Bxf6 14. Be3 Rad8 15. Rad1 Qe6 16. Bc5 Rfe8 17. a4 a6 18. Qe3 Qb3 19. Qe4 h5 20. Ba3 Be7 21. Bxe7 Rxe7 22. Rd2 f5 23. Qe3 Qxa4 24. Ng5 f4 25. Qc5 Ree8 26. Bd5+ Rxd5 27. Qxd5+ Kh8 28. b3 Qb5 29. Qxb5 axb5 30. gxf4 Rf8 31. fxe5 Bf3 32. d4 Bd5 33. e6 Rf4 34. e7 Nxe7 35. Rxe7 Kg8 36. Re8+ Rf8 37. Rxf8+ Kxf8 38. Rb2 Ke7 39. Kh2 Kd6 40. Kg3 b6 41. Kf4 g6 42. Nf3 c5 43. dxc5+ bxc5 44. Rd2 Ke6 45. Ng5+ 1-0

[Event "Madrid-ch sf-A"]
[Site "Madrid"]
[Date "2014.03.18"]
[Round "5"]
[White "Camarero Izquierdo, Juan Carlos"]
[Black "Ore Leon, Gustavo"]
[Result "1/2-1/2"]
[WhiteElo "1864"]
[BlackElo "1840"]
[PlyCount "113"]
[EventDate "2014.03.10"]
[EventType "swiss"]
[EventRounds "9"]
[EventCountry "ESP"]
[SourceTitle "EXT 2015"]
[Source "ChessBase"]
[SourceDate "2014.11.20"]
[SourceVersion "1"]
[SourceVersionDate "2014.11.20"]
[SourceQuality "1"]

1. d4 Nf6 2. Nc3 d5 3. Bg5 Nbd7 4. Nf3 h6 5. Bh4 e6 6. Ne5 Bd6 7. f4 a6 8. e4 dxe4 9. Nxe4 Be7 10. Bxf6 Nxf6 11. Nxf6+ gxf6 12. Nf3 b5 13. Bd3 Bb7 14. a4 c6 15. 0-0 f5 16. c3 b4 17. Ne5 c5 18. Qh5 Rh7 19. Bc4 Rg7 20. Rf2 Bd5 21. Qxh6 Bf8 22. Qh8 Bxc4 23. Nxc4 Qc7 24. cxb4 cxd4 25. Ne5 Qb7 26. Nd3 Rc8 27. h4 f6 28. h5 Qf7 29. Re1 Kd7 30. h6 Rh7 31. Ne5+ fxe5 32. Qxe5 Rxh6 33. Qxd4+ Ke8 34. Rfe2 Be7 35. Qb6 Qh5 36. Qxa6 Qh2+ 37. Kf1 Qxf4+ 38. Kg1 Qh2+ 39. Kf1 Rd8 40. Qb6 Qh1+ 41. Qg1 Qxg1+ 42. Kxg1 Bxb4 43. Rxe6+ Rxe6 44. Rxe6+ Kf7 45. Re2 Rd3 46. Kf1 Rb3 47. Rc2 Ke6 48. Ke2 Kd5 49. Kd1 Bc5 50. Kc1 Kc6 51. Re2 Rb4 52. Re6+ Bd6 53. Rf6 f4 54. a5 Kd5 55. Rf7 Be5 56. a6 Rxb2 57. Rxf4 1/2-1/2

[Event "Madrid-ch sf-A"]
[Site "Madrid"]
[Date "2014.03.12"]
[Round "3"]
[White "Lozano Sanchez, Jose Antonio"]
[Black "Ore Leon, Gustavo"]
[Result "1-0"]
[WhiteElo "1874"]
[BlackElo "1840"]
[PlyCount "113"]
[EventDate "2014.03.10"]
[EventType "swiss"]
[EventRounds "9"]
[EventCountry "ESP"]
[SourceTitle "EXT 2015"]
[Source "ChessBase"]
[SourceDate "2014.11.20"]
[SourceVersion "1"]
[SourceVersionDate "2014.11.20"]
[SourceQuality "1"]

1. e4 c5 2. Nf3 Nc6 3. Bc4 g6 4. Nc3 Bg7 5. 0-0 Nf6 6. d3 0-0 7. a3 d6 8. h3 Bd7 9. Bf4 Rc8 10. Re1 e5 11. Bd2 Nd4 12. a4 a6 13. a5 Be6 14. Nd5 Nxf3+ 15. Qxf3 Nxd5 16. Bxd5 Bxd5 17. exd5 f5 18. c4 Rc7 19. Rab1 Qc8 20. b4 cxb4 21. Rxb4 Rff7 22. Qe2 h6 23. Reb1 Kh7 24. Kf1 Rce7 25. Rb6 Rd7 26. Bb4 Bf8 27. Qe3 e4 28. Bc3 Be7 29. Qe2 Bd8 30. R6b3 Rc7 31. dxe4 fxe4 32. Qxe4 Rxc4 33. Qe6 Qc7 34. Qe8 Rxc3 35. Rxc3 Qd7 36. Qxd7 Rxd7 37. Rcb3 Bxa5 38. Rxb7 Rg7 39. Rxg7+ Kxg7 40. Ra1 Bc3 41. Rxa6 Be5 42. Ke2 Kf6 43. Kd3 Kf5 44. Ra8 Bf6 45. Rf8 g5 46. g4+ Ke5 47. Kc4 Bg7 48. Rf7 Bf6 49. Rh7 Kf4 50. Rxh6 Be5 51. Re6 Ke4 52. Re8 Kf4 53. Kb5 Bd4 54. Kc6 Be5 55. Rg8 Kf3 56. Rxg5 Kxf2 57. Rxe5 1-0

[Event "Madrid-ch Previa-A"]
[Site "Madrid"]
[Date "2014.02.17"]
[Round "7"]
[White "Hernandez Garcia, Carlos"]
[Black "Ore Leon, Gustavo"]
[Result "0-1"]
[WhiteElo "1819"]
[BlackElo "1814"]
[PlyCount "35"]
[EventDate "2014.02.03"]
[EventType "swiss"]
[EventRounds "9"]
[EventCountry "ESP"]
[SourceTitle "EXT 2015"]
[Source "ChessBase"]
[SourceDate "2014.11.20"]
[SourceVersion "1"]
[SourceVersionDate "2014.11.20"]
[SourceQuality "1"]

1. e4 c5 2. Nf3 Nc6 3. d4 cxd4 4. Nxd4 g6 5. Nc3 Bg7 6. Be3 d6 7. Qd2 Nf6 8. f3 Bd7 9. g4 a6 10. Nxc6 Bxc6 11. Bh6 0-0 12. Bxg7 Kxg7 13. 0-0-0 Qa5 14. h4 h5 15. g5 Nd7 16. f4 Qc5 17. Rh3 f6 18. Nd5 0-1

[Event "Madrid-ch Previa-A"]
[Site "Madrid"]
[Date "2014.02.11"]
[Round "5"]
[White "Fernandez Garcia, Ignacio"]
[Black "Ore Leon, Gustavo"]
[Result "1-0"]
[WhiteElo "1903"]
[BlackElo "1814"]
[PlyCount "86"]
[EventDate "2014.02.03"]
[EventType "swiss"]
[EventRounds "9"]
[EventCountry "ESP"]
[SourceTitle "EXT 2015"]
[Source "ChessBase"]
[SourceDate "2014.11.20"]
[SourceVersion "1"]
[SourceVersionDate "2014.11.20"]
[SourceQuality "1"]

1. e4 c5 2. Nf3 d6 3. Bc4 e6 4. c3 Nf6 5. d3 a6 6. Bb3 Nc6 7. Bg5 Be7 8. Nbd2 h6 9. Bh4 0-0 10. Nf1 b5 11. Bc2 Bb7 12. Ne3 Qa5 13. g4 b4 14. Nc4 Qc7 15. g5 hxg5 16. Nxg5 d5 17. Bg3 Qd8 18. Nd2 Nd7 19. h4 Bxg5 20. hxg5 Qxg5 21. Qe2 bxc3 22. bxc3 Nce5 23. Rh5 Qg4 24. Bxe5 Nxe5 25. Rxe5 Qg1+ 26. Nf1 dxe4 27. dxe4 a5 28. 0-0-0 Ba6 29. c4 Qg6 30. Rh5 Bxc4 31. Bd3 Bxd3 32. Rxd3 Qf6 33. e5 Qf4+ 34. Nd2 Rfd8 35. Rdh3 f5 36. R3h4 Rxd2 37. Qxd2 Qxe5 38. Rh8+ Kf7 39. Rxa8 Qa1+ 40. Kc2 Qxa2+ 41. Kd1 Qb3+ 42. Kc1 c4 43. Ra7+ Kg6 1-0

[Event "Madrid-ch Previa-A"]
[Site "Madrid"]
[Date "2014.02.05"]
[Round "3"]
[White "Perez Agusti, Luis"]
[Black "Ore Leon, Gustavo"]
[Result "1/2-1/2"]
[WhiteElo "1941"]
[BlackElo "1814"]
[PlyCount "104"]
[EventDate "2014.02.03"]
[EventType "swiss"]
[EventRounds "9"]
[EventCountry "ESP"]
[SourceTitle "EXT 2015"]
[Source "ChessBase"]
[SourceDate "2014.11.20"]
[SourceVersion "1"]
[SourceVersionDate "2014.11.20"]
[SourceQuality "1"]

1. g3 c5 2. Bg2 Nc6 3. Nf3 Nf6 4. 0-0 e6 5. c4 Be7 6. Nc3 0-0 7. d4 cxd4 8. Nxd4 a6 9. e4 Qc7 10. b3 d6 11. Qd3 Ne5 12. Qd2 Bd7 13. Ba3 Rfd8 14. f4 Nc6 15. Kh1 Nxd4 16. Qxd4 Bc6 17. Rac1 Rd7 18. Bb2 Ne8 19. Rfd1 Rad8 20. a4 b6 21. Qe3 Bf6 22. Nd5 Qb7 23. Bxf6 Nxf6 24. Nxf6+ gxf6 25. Rd2 Kf8 26. Rf1 b5 27. cxb5 axb5 28. f5 e5 29. axb5 Qxb5 30. Rc1 Qb7 31. Rdc2 Rc7 32. Rc4 Rcc8 33. h3 Bd7 34. Qd3 Ke7 35. Rd1 Qa6 36. Rxc8 Qxd3 37. Rxd3 Rxc8 38. Kg1 Rb8 39. Kf2 Rb4 40. Rc3 Kd8 41. Ke2 Bb5+ 42. Kd2 Kd7 43. Re3 Rd4+ 44. Kc2 Bc6 45. Bf3 Kc7 46. Kc3 Kb6 47. Rd3 Kc5 48. Re3 h6 49. Re1 Bb5 50. Re3 Bc6 51. Re1 Bb5 52. Re3 Bc6 1/2-1/2

[Event "Madrid-ch Previa-A"]
[Site "Madrid"]
[Date "2014.02.03"]
[Round "1"]
[White "Ore Leon, Gustavo"]
[Black "Cortijo Manso, Luis"]
[Result "1-0"]
[WhiteElo "1814"]
[BlackElo "1554"]
[PlyCount "59"]
[EventDate "2014.02.03"]
[EventType "swiss"]
[EventRounds "9"]
[EventCountry "ESP"]
[SourceTitle "EXT 2015"]
[Source "ChessBase"]
[SourceDate "2014.11.20"]
[SourceVersion "1"]
[SourceVersionDate "2014.11.20"]
[SourceQuality "1"]

1. e4 e6 2. d4 d5 3. Nd2 dxe4 4. Nxe4 Bd7 5. Nf3 Bc6 6. Bd3 Nd7 7. c3 Ngf6 8. Qe2 Bxe4 9. Bxe4 Nxe4 10. Qxe4 c6 11. 0-0 Nf6 12. Qe2 Be7 13. Bd2 0-0 14. c4 b6 15. Bc3 Re8 16. Ne5 Qc7 17. Rfe1 c5 18. dxc5 Bxc5 19. Rac1 Rac8 20. h3 Red8 21. Rcd1 Rxd1 22. Rxd1 h6 23. Rd3 Be7 24. b3 Rd8 25. Rg3 Qd6 26. Nd3 Qc7 27. Qf3 Qd7 28. Bxf6 Bxf6 29. Qxf6 Qd4 30. Rxg7+ 1-0

[Event "Madrid San Viator op 21st"]
[Site "Madrid"]
[Date "2013.09.29"]
[Round "1"]
[White "Gonzalez Mateos, Rafael"]
[Black "Ore Leon, Gustavo"]
[Result "1-0"]
[WhiteElo "2006"]
[BlackElo "1828"]
[PlyCount "59"]
[EventDate "2013.09.29"]
[EventType "swiss"]
[EventRounds "9"]
[EventCountry "ESP"]
[SourceTitle "EXT 2015"]
[Source "ChessBase"]
[SourceDate "2014.11.20"]
[SourceVersion "1"]
[SourceVersionDate "2014.11.20"]
[SourceQuality "1"]

1. d4 Nf6 2. c3 g6 3. Bg5 Bg7 4. Nd2 0-0 5. e4 d6 6. Bd3 c5 7. Ngf3 cxd4 8. cxd4 Nc6 9. 0-0 h6 10. Be3 Ng4 11. h3 Nxe3 12. fxe3 a5 13. a3 Qb6 14. Nc4 Qa7 15. Qb3 a4 16. Qb6 Qb8 17. d5 Ra6 18. Qb5 Nd8 19. Nb6 f5 20. Rac1 fxe4 21. Rxc8 Qa7 22. Bxe4 Rxb6 23. Qd7 Rxb2 24. Re1 Qa5 25. Qxe7 Nf7 26. Rxf8+ Bxf8 27. Qf6 Ne5 28. Rf1 Nxf3+ 29. Qxf3 Bg7 30. Qf7+ 1-0

[Event "Madrid San Viator op 20th"]
[Site "Madrid"]
[Date "2013.05.12"]
[Round "5"]
[White "Ore Leon, Gustavo"]
[Black "Martin Hernandez, Vicente"]
[Result "1/2-1/2"]
[WhiteElo "1856"]
[BlackElo "2005"]
[PlyCount "65"]
[EventDate "2013.04.07"]
[EventType "swiss"]
[EventRounds "9"]
[EventCountry "ESP"]
[SourceTitle "EXT 2014"]
[Source "ChessBase"]
[SourceDate "2013.11.20"]
[SourceVersion "1"]
[SourceVersionDate "2013.11.20"]
[SourceQuality "1"]

1. e4 c5 2. Nf3 d6 3. d4 cxd4 4. Nxd4 Nf6 5. Nc3 a6 6. Bg5 e6 7. f4 Be7 8. Qf3 Qc7 9. 0-0-0 Nc6 10. Nb3 0-0 11. Be2 h6 12. h4 b5 13. g4 Bb7 14. Bxf6 Bxf6 15. g5 Bxc3 16. Qxc3 e5 17. f5 Kh7 18. f6 gxf6 19. Bg4 Bc8 20. Qf3 Rg8 21. Qxf6 Rg6 22. Bf5 Bxf5 23. Qxf5 Kg8 24. Rhg1 Qc8 25. Qf2 Qe6 26. Qb6 Nb4 27. Kb1 Qc4 28. Rxd6 Qxc2+ 29. Ka1 Qxe4 30. Rxg6+ Qxg6 31. gxh6 Nc2+ 32. Kb1 Na3+ 33. Ka1 1/2-1/2

[Event "Madrid San Viator op 20th"]
[Site "Madrid"]
[Date "2013.04.28"]
[Round "4"]
[White "Perez, Alvaro"]
[Black "Ore Leon, Gustavo"]
[Result "0-1"]
[WhiteElo "1836"]
[BlackElo "1856"]
[PlyCount "114"]
[EventDate "2013.04.07"]
[EventType "swiss"]
[EventRounds "9"]
[EventCountry "ESP"]
[SourceTitle "EXT 2014"]
[Source "ChessBase"]
[SourceDate "2013.11.20"]
[SourceVersion "1"]
[SourceVersionDate "2013.11.20"]
[SourceQuality "1"]

1. e4 c5 2. c3 d5 3. e5 Nc6 4. d4 e6 5. Nf3 Bd7 6. Bd3 Rc8 7. 0-0 Qb6 8. Ng5 g6 9. Qf3 Nd8 10. Qf4 Bh6 11. dxc5 Qxc5 12. Be3 Qe7 13. Qg3 Nc6 14. Nh3 Bxe3 15. fxe3 Nh6 16. Qf4 Nf5 17. g4 Qh4 18. Ng5 h6 19. Nf3 Qh3 20. gxf5 gxf5 21. Qg3 Qh5 22. Kf2 Ke7 23. Qh4+ Qxh4+ 24. Nxh4 Nxe5 25. Be2 Rhg8 26. Nd2 Rg7 27. Rg1 Rcg8 28. Rxg7 Rxg7 29. Rg1 Rxg1 30. Kxg1 Kd6 31. Kf2 a6 32. Nhf3 Ng4+ 33. Kg3 Nxe3 34. Nh4 e5 35. Bh5 f4+ 36. Kf3 Be6 37. a4 Nd1 38. c4 Nxb2 39. cxd5 Kxd5 40. a5 Nd3 41. Ng2 f5 42. Ke2 e4 43. Ne1 Nb4 44. Kd1 Nc6 45. Nb3 Kc4 46. Kc2 Kb4 47. Nc1 Nxa5 48. Kd2 Nc4+ 49. Ke2 Ne5 50. Nc2+ Kc3 51. Kd1 a5 52. Ne2+ Kb2 53. Nxf4 Bb3 54. Ne2 Bxc2+ 55. Ke1 Nf3+ 56. Bxf3 exf3 57. Nd4 Be4 0-1

[Event "Madrid San Viator op 19th"]
[Site "Madrid"]
[Date "2012.11.04"]
[Round "7"]
[White "Ore Leon, Gustavo"]
[Black "Barahona Torrijos, Angel"]
[Result "0-1"]
[WhiteElo "1812"]
[BlackElo "1893"]
[PlyCount "74"]
[EventDate "2012.09.23"]
[EventType "swiss"]
[EventRounds "9"]
[EventCountry "ESP"]
[SourceTitle "EXT 2013"]
[Source "ChessBase"]
[SourceDate "2012.11.22"]
[SourceVersion "1"]
[SourceVersionDate "2012.11.22"]
[SourceQuality "1"]

1. e4 e5 2. Nf3 Nc6 3. Bb5 a6 4. Ba4 Nf6 5. 0-0 Be7 6. Re1 b5 7. Bb3 Bb7 8. d3 0-0 9. Nbd2 d5 10. exd5 Nxd5 11. Nxe5 Nxe5 12. Rxe5 Nf4 13. Nf3 Ng6 14. Re1 Nh4 15. Nxh4 Bxh4 16. Bf4 Qf6 17. g3 Qc6 18. Re4 Kh8 19. f3 Bf6 20. c3 Qd7 21. Re3 g5 22. Be5 Bxe5 23. Rxe5 f6 24. Re1 Rae8 25. Rf1 g4 26. d4 Bxf3 27. Rxf3 gxf3 28. Qxf3 Qe7 29. Qc6 Qe3+ 30. Kf1 f5 31. Bd5 f4 32. Kg2 Qe2+ 33. Kg1 fxg3 34. hxg3 Qf2+ 35. Kh1 Re2 36. Bg2 Rf6 37. Rf1 Qxf1+ 0-1

[Event "Madrid San Viator op 19th"]
[Site "Madrid"]
[Date "2012.10.21"]
[Round "5"]
[White "Ore Leon, Gustavo"]
[Black "Lianes Garcia, Marcos"]
[Result "0-1"]
[WhiteElo "1812"]
[BlackElo "1627"]
[PlyCount "142"]
[EventDate "2012.09.23"]
[EventType "swiss"]
[EventRounds "9"]
[EventCountry "ESP"]
[SourceTitle "EXT 2013"]
[Source "ChessBase"]
[SourceDate "2012.11.22"]
[SourceVersion "1"]
[SourceVersionDate "2012.11.22"]
[SourceQuality "1"]

1. e4 e6 2. Nf3 d5 3. exd5 exd5 4. g3 Nf6 5. Qe2+ Be7 6. Bg2 0-0 7. 0-0 Re8 8. d4 c6 9. Qd3 Na6 10. c3 Ne4 11. Nfd2 Nd6 12. Nb3 Bf5 13. Qd1 Qd7 14. N1d2 Bf6 15. Nf3 Re7 16. Bf4 Nc4 17. Qc1 Rae8 18. Nbd2 Nxd2 19. Bxd2 c5 20. Be3 Bd3 21. Rd1 Be2 22. Re1 Bxf3 23. Bxf3 cxd4 24. cxd4 Bxd4 25. Qd2 Bxe3 26. fxe3 d4 27. exd4 Rxe1+ 28. Rxe1 Rxe1+ 29. Qxe1 Qxd4+ 30. Kh1 Qd7 31. Qe4 Nc5 32. Qc4 Qd3 33. Qxd3 Nxd3 34. Bxb7 Nxb2 35. Kg2 Kf8 36. Kf3 Ke7 37. Ba6 Na4 38. Ke3 Nb6 39. Kd4 Kd6 40. Bd3 h6 41. Be4 Nc8 42. Bd5 f6 43. Be4 Nb6 44. Bd3 Nd7 45. Bf5 Ne5 46. Be4 g6 47. h3 f5 48. Bg2 g5 49. a4 g4 50. hxg4 Nxg4 51. Bf3 a5 52. Bxg4 fxg4 53. Ke4 Kc5 54. Kf4 Kb4 55. Kxg4 Kxa4 56. Kh5 Kb5 57. Kxh6 a4 58. g4 a3 59. g5 a2 60. g6 a1Q 61. g7 Qf6+ 62. Kh7 Qf7 63. Kh8 Qh5+ 64. Kg8 Kc6 65. Kf8 Qf5+ 66. Ke7 Qg6 67. Kf8 Qf6+ 68. Kg8 Kd6 69. Kh7 Qf7 70. Kh8 Qh5+ 71. Kg8 Ke6 0-1

[Event "Madrid Oliver Gonzalez Memorial-B 3rd"]
[Site "Madrid"]
[Date "2012.09.09"]
[Round "9"]
[White "Fernandez Lago, David"]
[Black "Ore Leon, Gustavo"]
[Result "1/2-1/2"]
[WhiteElo "1976"]
[BlackElo "1812"]
[PlyCount "99"]
[EventDate "2012.09.01"]
[EventType "swiss"]
[EventRounds "9"]
[EventCountry "ESP"]
[SourceTitle "CBM 150 Extra"]
[Source "ChessBase"]
[SourceDate "2012.10.19"]
[SourceVersion "1"]
[SourceVersionDate "2012.10.19"]
[SourceQuality "1"]

1. e4 c5 2. Ne2 d6 3. g3 g6 4. Bg2 Bg7 5. 0-0 Nf6 6. c3 0-0 7. d4 Nbd7 8. h3 e5 9. Be3 Qe7 10. Nd2 b6 11. dxe5 dxe5 12. a4 Bb7 13. Qc2 Rfd8 14. Rfd1 Ba6 15. c4 Nf8 16. Nf3 Bb7 17. Nc3 Ne8 18. a5 Ne6 19. axb6 Nd4 20. Bxd4 exd4 21. Nd5 Bxd5 22. exd5 axb6 23. Rxa8 Rxa8 24. Re1 Qc7 25. Nxd4 Bxd4 26. d6 Qxd6 27. Bxa8 Qxg3+ 28. Bg2 Nd6 29. Kf1 Qf4 30. Re2 Nf5 31. Qb3 Qc1+ 32. Re1 Qf4 33. Qf3 Qxf3 34. Bxf3 Bxb2 35. Rb1 Bd4 36. Rxb6 h5 37. Bd5 Kg7 38. Rb7 Nh6 39. f4 Kf6 40. Ke2 Bg1 41. Kf3 Bd4 42. Ke4 h4 43. Rc7 Bf2 44. Kd3 Bd4 45. Ke2 Bg1 46. Kf3 Bd4 47. f5 gxf5 48. Rc6+ Kg5 49. Rxh6 Kxh6 50. Bxf7 1/2-1/2

[Event "Madrid Oliver Gonzalez Memorial-B 3rd"]
[Site "Madrid"]
[Date "2012.09.04"]
[Round "4"]
[White "Ore Leon, Gustavo"]
[Black "Folgar Lopez, Angel"]
[Result "1-0"]
[WhiteElo "1812"]
[BlackElo "1622"]
[PlyCount "67"]
[EventDate "2012.09.01"]
[EventType "swiss"]
[EventRounds "9"]
[EventCountry "ESP"]
[SourceTitle "CBM 150 Extra"]
[Source "ChessBase"]
[SourceDate "2012.10.19"]
[SourceVersion "1"]
[SourceVersionDate "2012.10.19"]
[SourceQuality "1"]

1. e4 d6 2. g3 g6 3. Bg2 Bg7 4. d3 Nf6 5. Nd2 Bg4 6. Ngf3 0-0 7. h3 Bxf3 8. Nxf3 e5 9. c3 Nbd7 10. 0-0 c6 11. Bg5 Re8 12. Qd2 Qb6 13. a4 a5 14. Be3 Qc7 15. Nh2 Nc5 16. Qc2 Ne6 17. Ng4 Nxg4 18. hxg4 Qe7 19. Qd2 f6 20. Bf3 g5 21. Bd1 Kf8 22. Kg2 h6 23. f3 Kf7 24. Bb3 Kg6 25. Qf2 Rh8 26. Rh1 Rh7 27. Bc2 c5 28. Rad1 Rah8 29. Rh5 Bf8 30. f4 Ng7 31. fxe5 Nxh5 32. gxh5+ Kxh5 33. Qf5 Qxe5 34. Rh1# 1-0

[Event "Madrid Oliver Gonzalez Memorial-B 3rd"]
[Site "Madrid"]
[Date "2012.09.02"]
[Round "2"]
[White "Zanoletty Garcia, David"]
[Black "Ore Leon, Gustavo"]
[Result "1-0"]
[WhiteElo "1962"]
[BlackElo "1812"]
[PlyCount "63"]
[EventDate "2012.09.01"]
[EventType "swiss"]
[EventRounds "9"]
[EventCountry "ESP"]
[SourceTitle "CBM 150 Extra"]
[Source "ChessBase"]
[SourceDate "2012.10.19"]
[SourceVersion "1"]
[SourceVersionDate "2012.10.19"]
[SourceQuality "1"]

1. Nf3 g6 2. c4 Bg7 3. d4 c5 4. e3 Nf6 5. Nc3 cxd4 6. Nxd4 0-0 7. Be2 d6 8. 0-0 a6 9. Qc2 e5 10. Nb3 Nc6 11. Nd5 Nxd5 12. cxd5 Ne7 13. e4 f5 14. f3 f4 15. Bd2 g5 16. Rac1 Ng6 17. Qc7 Qf6 18. Na5 Rf7 19. Qb6 Qe7 20. Bb4 Bf8 21. Rc2 g4 22. Rfc1 gxf3 23. Bxf3 Bh3 24. Rc7 Qg5 25. Rxf7 Bxg2 26. Rf5 Qh6 27. Rh5 Qg7 28. Rc7 Be7 29. Bxg2 Nh4 30. Rxh4 f3 31. Qf2 Bxh4 32. Rxg7+ 1-0

[Event "Madrid San Viator op 18th"]
[Site "Madrid"]
[Date "2012.04.01"]
[Round "2"]
[White "Munoz Manzano, Jose Manuel"]
[Black "Ore Leon, Gustavo"]
[Result "1-0"]
[WhiteElo "1911"]
[BlackElo "1708"]
[PlyCount "87"]
[EventDate "2012.03.25"]
[EventType "swiss"]
[EventRounds "9"]
[EventCountry "ESP"]
[SourceTitle "EXT 2013"]
[Source "ChessBase"]
[SourceDate "2012.11.22"]
[SourceVersion "1"]
[SourceVersionDate "2012.11.22"]
[SourceQuality "1"]

1. d4 Nf6 2. c4 c5 3. d5 b5 4. cxb5 a6 5. bxa6 g6 6. Nc3 d6 7. Nf3 Bg7 8. g3 Nxa6 9. Bg2 0-0 10. 0-0 Nd7 11. Bf4 Nb6 12. Qc1 Re8 13. Bh6 Bf6 14. Bg5 Bg7 15. Rd1 c4 16. Nd4 Nc5 17. Nc6 Qc7 18. Nb5 Qd7 19. Be3 Nba4 20. Bd4 Ba6 21. Bxg7 Kxg7 22. Qxc4 Qb7 23. Qd4+ Kg8 24. Nc3 Qxb2 25. Nxa4 Nxa4 26. Qxa4 Bxe2 27. Qd4 Rxa2 28. Qxb2 Rxb2 29. Re1 e5 30. dxe6 Rxe6 31. Nd4 Bc4 32. Nxe6 fxe6 33. Reb1 Rxb1+ 34. Rxb1 Kf7 35. Rb7+ Kf6 36. Bf1 Bd5 37. Rxh7 g5 38. f4 gxf4 39. gxf4 Be4 40. Rh4 d5 41. Kf2 d4 42. Bh3 d3 43. Ke3 Bg6 44. Bf1 1-0